| 000 | 00749nam a2200229 u 4500 | ||
|---|---|---|---|
| 005 | 20220527184725.0 | ||
| 008 | 080123s2007 es r 000 0 spa d | ||
| 020 | _a844132297X | ||
| 035 | _aUPN01000153882 | ||
| 049 | _aC | ||
| 050 | 4 |
_aDT14 _bA3.7 |
|
| 245 | 0 | 0 |
_aAfrica : _bel despertar de un continente / _cJocelyn Murray ... [et al.]. |
| 260 |
_aBarcelona, Esp. : _bFolio, _c2007. |
||
| 300 |
_a240 p. : _bil. col., mapas |
||
| 440 | 0 | _aGrandes civilizaciones del pasado | |
| 534 |
_pTítulo original: _tCultural atlas of Africa |
||
| 651 | 4 |
_aAFRICA - _xVIDA SOCIAL Y COSTUMBRES _92134 |
|
| 651 | 4 |
_aAFRICA - _xCIVILIZACION _92044 |
|
| 651 | 0 |
_aÁfrica _xDescripción y viajes _92048 |
|
| 700 | 1 |
_aMurray, Jocelyn, _ecoaut. |
|
| 905 | _aLibro | ||
| 999 |
_c126003 _d126003 |
||